Top 100 MLB players 2018 - Statistics

General Stats
  • This quiz has been taken 1,290 times
  • The average score is 38 of 100
Answer Stats
Hint Answer % Correct
Angles Trout
98%
Astros Altuve
95%
Yankees Judge
95%
Dodgers Kershaw
93%
Yankees Stanton
87%
Reds Votto
87%
Rockies Arenado
84%
Nationals Harper
83%
Cubs Bryant
82%
Red sox Betts
81%
Indians Lindor
75%
Nationals Scherzer
75%
Cubs Rizzo
74%
Diamondbacks Goldschmidt
70%
Braves Freeman
69%
Astros Correa
68%
Indians Kluber
65%
Red Sox Sale
65%
Rockies Blackmon
64%
Giants Posey
63%
Dodgers Bellinger
61%
Indians Ramirez
61%
Cardinals | Red Sox Martinez
60%
Dodgers | Nationals Turner
60%
Astros Verlander
59%
Orioles Machado
56%
Astros Springer
54%
Blue Jays Donaldson
50%
Nationals Strasburg
49%
Dodgers | Mariners Seager
48%
Brewers Yelich
48%
Astros Bregman
47%
Mets Degrom
47%
Yankees Sanchez
47%
Giants Bumgarner
44%
Yankees Chapman
43%
Nationals Rendon
43%
Yankees Severino
42%
A's | Rockies Davis
39%
Mariners Cano
37%
Tigers Cabrera
34%
White Sox Abreu
33%
Mets Syndergaard
32%
Mariners Cruz
31%
Nationals Zimmerman
29%
Diamondbacks Greinke
28%
Rangers Beltre
27%
Cardinals Carpenter
27%
Red Sox Kimbrel
27%
Cardinals Ozuna
27%
Dodgers Puig
27%
Phillies Arrieta
26%
Indians Encarnacion
26%
Padres Hosmer
24%
Dodgers Jansen
24%
Brewers Braun
23%
Brewers Cain
23%
Mets Cespedes
23%
Twins Dozier
23%
Giants McCutchen
23%
Nationals Murphy
23%
Mariners Gordon
22%
Phillies Santana
22%
Phillies Nola
21%
Cubs Darvish
20%
Astros Keuchel
20%
Indians Miller
20%
Angels Upton
19%
Red Sox Benintendi
18%
Indians Carrasco
18%
Yankees Gregorius
15%
Angels Simmons
15%
Marlins Realmuto
14%
Blue Jays Stroman
14%
Rangers Andrus
13%
Rays Archer
13%
Twins Buxton
13%
Cubs Contreras
13%
Cubs Hendricks
13%
Mariners Segura
13%
Yankees Betances
12%
Mets Conforto
12%
Mariners Paxton
12%
Dodgers Taylor
12%
Orioles Schoop
11%
Cardinals Pham
10%
Orioles Mancini
9%
Dodgers Wood
9%
Tigers Castellanos
7%
Royals Merrifield
7%
Diamondbacks Ray
7%
White Sox Garcia
6%
Blue Jays Smoak
6%
Braves Inciarte
4%
Brewers Knebel
4%
Rockies Lemahiue
2%
No matching quizzes found
Score Distribution
Percent of People with Each Score
Percentile by Number Answered
Your Score History
You have not taken this quiz